000 00712nam a2200241Ia 4500
003 OSt
005 20220923225112.0
006 a|||||r|||| 00| 0
007 ta
008 220922b |||||||| |||| 00| 0 hin d
024 _a257,336
037 _cTextual
040 _aARTS
_cARTS
_bhin
041 _2hin
_ahin
082 _aO15,2D35,KA, L5
100 _aमालवीय, सुधाकर, संपा.
245 0 _aकर्णभारम
246 _aKarṇabhārama
260 _c1975
650 _aहिन्दी साहित्य
_9156264
942 _hO15,2D35,KA, L5
_cTEXL
_2CC
999 _c376058
_d376058